MEDIA CONSUMPTION AND PUBLIC ENGAGEMENT (Record no. 28325)

MARC details
000 -LEADER
fixed length control field 00353nam a2200133Ia 4500
008 - FIXED-LENGTH DATA ELEMENTS--GENERAL INFORMATION
fixed length control field 240624s9999 xx 000 0 und d
041 ## - LANGUAGE CODE
Language code of text/sound track or separate title eng
082 ## - DEWEY DECIMAL CLASSIFICATION NUMBER
Classification number 175 COU
100 ## - MAIN ENTRY--PERSONAL NAME
Personal name COULDRY NICK
245 ## - TITLE STATEMENT
Title MEDIA CONSUMPTION AND PUBLIC ENGAGEMENT
260 ## - PUBLICATION, DISTRIBUTION, ETC.
Date of publication, distribution, etc. 2010
Place of publication, distribution, etc. New Delhi
Name of publisher, distributor, etc. Pan Macmillan
300 ## - PHYSICAL DESCRIPTION
Extent xviii, : 248 : p. : cm. ; 21
365 ## - TRADE PRICE
Currency code BPS
Price amount 38
Holdings
Withdrawn status Lost status Damaged status Not for loan Home library Current library Shelving location Date acquired Source of acquisition Cost, normal purchase price Full call number Barcode Date last seen Copy number Price effective from Koha item type
        IMTN IMTN Rack 4-A 12/19/2016 BKI 23.99 175 COU 28325 06/24/2024 88.9 06/24/2024 Books
Designed & Maintained by: LRC IMT Nagpur Contact: lrc@imtnag.ac.in© 2024. All Rights Reserved.